Normal view
MARC view
Entry Personal Name
001 - CONTROL NUMBER
- control field: 47144
003 - CONTROL NUMBER IDENTIFIER
- control field: ARRUPE
005 - DATE AND TIME OF LATEST TRANSACTION
- control field: 20190717114904.0
008 - FIXED-LENGTH DATA ELEMENTS
- fixed length control field: 190717|| aca||aabn | a|a d
040 ## - CATALOGING SOURCE
- Original cataloging agency: ARRUPE
- Transcribing agency: ARRUPE
100 ## - HEADING--PERSONAL NAME
- Personal name: Rosemary Luling Haughton
670 ## - SOURCE DATA FOUND
- Source citation: Work cat.: (ARRUPE)17796: Rosemary Luling Haughton, Images for Change, 1997